000 01119nam a2200241 a 4500
001 BRCA_683
005 20190320203114.0
008 060609s2006 paua---##b---#000-0#eng-#
020 _a0876332505
050 4 _aN6502
_b.A78 2006
245 1 0 _aThe Arts in Latin America, 1492-1820
_corganized by Joseph J. Rishel with Suzanne Stratton-Pruitt.
260 _aPhiladelphia, PA
_bPhiladelphia Museum of Art
_c2006
300 _axxiii, 568 p.
_bil. a color
_c32 cm.
440 0 _aPhiladelphia Museum of Art Series
_92247
500 _aCatálogo de la exposición realizada en the Philadelphia Museum of Art, 20 septiembre - 31 diciembre, 2006, en el Antiguo Colegio de San Ildefonso (Ciudad de México), 3 febrero - 6 mayo, 2007 y en Los Angeles County Museum of Art, 10 junio - 3 septiembre, 2007
500 _a2do. ejemplar en el Área de Investigación
504 _aBibliografía: p. 536-563
650 1 4 _aArte en América Latina
_vExposiciones
_92248
650 1 4 _aArte colonial
_vExposiciones
_zAmérica Latina
_92249
700 1 _aRishel, Joseph J
_92250
700 1 _aStratton-Pruitt, Suzanne
_92251
942 _2lcc
_cB
999 _c589
_d589